000
00215nam a2200085Ia 4500
008
120527s9999 xx 000 0 und d
100
_a
Lerner &hulsch
245
_a
Human development:a lifespan perspective
942
_c
BK
999
_c
27582
_d
27582